Mathematical Analysis and its Inherent Nature/ (Record no. 215610)

MARC details
000 -LEADER
fixed length control field 00595nam a2200193 4500
005 - DATE AND TIME OF LATEST TRANSACTION
control field 20260318122602.0
010 ## - LCCN (DPL NO)
LC control number ENG-147895
020 ## - INTERNATIONAL STANDARD BOOK NUMBER
Terms of availability 1480.00
International Standard Book Number 9789349750425
035 ## - SYSTEM CONTROL NUMBER
System control number EN-131427
037 ## - SOURCE OF ACQUISITION
Source of stock number/acquisition DBAD
082 ## - DEWEY DECIMAL CLASSIFICATION NUMBER
Classification number 515
100 ## - MAIN ENTRY--PERSONAL NAME
Personal name Hosseini, Hossein Giv
245 ## - TITLE STATEMENT
Title Mathematical Analysis and its Inherent Nature/
Statement of responsibility, etc Hossein Hosseini Giv
250 ## - EDITION STATEMENT
Edition statement 1
260 ## - PUBLICATION, DISTRIBUTION, ETC. (IMPRINT)
Place of publication, distribution, etc Hyderabad
Name of publisher, distributor, etc Universities Press (India) Pvt. Ltd.
Date of publication, distribution, etc 2026
270 ## - ADDRESS
Address 3-6-747/A & 3-6-754/1, Himayatnagar
City Hyderabad
Postal code 500029
300 ## - PHYSICAL DESCRIPTION
Extent 348p.
Dimensions 24cm(pb)
942 ## - ADDED ENTRY ELEMENTS (KOHA)
Source of classification or shelving scheme Dewey Decimal Classification
Item type English Books
Classification part 515
Call number suffix HOS
Holdings
Withdrawn status Lost status Not for loan Collection code Home library Current library Date acquired Source of acquisition Cost, normal purchase price Full call number Barcode Copy number Cost, replacement price Koha item type
      Non-fiction D.B.Act.Division D.B.Act.Division 18/03/2026 Delivery of Books Act Division 1480.00 515 HOS EN-131427 1 1480.00 English Books

© Delhi Public Library
Hit Counter
free hit counter